[Event "Junior Online 4NCL Division 5"]
[Site "online"]
[Date "2020.05.21"]
[Round "6.71"]
[White "Pitts, Daniel"]
[Black "Dholakia, Kanish"]
[Result "1/2-1/2"]
[WhiteElo "1240"]
[BlackElo "771"]
[PlyCount "80"]
[EventDate "2020.05.21"]
[WhiteTeam "Robin Hoods 4"]
[BlackTeam "Phones Junior B"]

1. e4 e5 2. Nf3 Nc6 3. Nc3 Nf6 4. Bc4 Bc5 5. Ng5 d5 6. exd5 Nxd5 7. Bxd5 Qxg5
8. d4 Qd8 9. dxc5 Ne7 10. Bxf7+ Kxf7 11. Qxd8 Rxd8 12. O-O Kg8 13. Nb5 c6 14.
Nc7 Rb8 15. Bf4 exf4 16. Rfe1 Rd7 17. Ne6 Ng6 18. Rad1 Rxd1 19. Rxd1 Bxe6 20.
Re1 Bf7 21. Rd1 Re8 22. h3 Bxa2 23. b3 Re2 24. Ra1 Rxc2 25. Kh2 Bxb3 26. Rxa7
Rxf2 27. Rxb7 Bd5 28. Rd7 Rxg2+ 29. Kh1 Rc2+ 30. Kg1 Rxc5 31. Rd8+ Kf7 32. Rd7+
Kf6 33. Rd6+ Ke5 34. Rd7 f3 35. Rxg7 Rc2 36. Rxh7 f2+ 37. Kf1 Nf4 38. Re7+ Kd6
39. Rg7 Nxh3 40. Rd7+ Kxd7 1/2-1/2

[Event "Junior Online 4NCL Division 5"]
[Site "online"]
[Date "2020.05.21"]
[Round "6.72"]
[White "Benson, Alice"]
[Black "Asensio, Tomas"]
[Result "1-0"]
[WhiteElo "740"]
[BlackElo "1232"]
[PlyCount "95"]
[EventDate "2020.05.21"]
[WhiteTeam "Phones Junior B"]
[BlackTeam "Robin Hoods 4"]

1. d4 d6 2. c4 Nf6 3. Nf3 Nbd7 4. Nc3 e5 5. dxe5 dxe5 6. Bg5 h6 7. Bxf6 Qxf6 8.
e3 Be7 9. Nd5 Qd6 10. Be2 O-O 11. O-O c6 12. Nxe7+ Qxe7 13. Re1 e4 14. Nd2 Ne5
15. Qc2 Bf5 16. Nb3 Rad8 17. Nd4 Bg4 18. Qxe4 c5 19. Bxg4 cxd4 20. exd4 f6 21.
dxe5 fxe5 22. Qxe5 Qf7 23. Be6 Rde8 24. Bxf7+ Kxf7 25. Qxe8+ Rxe8 26. Rxe8 Kxe8
27. Rd1 a6 28. Kf1 a5 29. Ke2 Kf7 30. Kd3 Ke7 31. Kc3 b6 32. a3 g5 33. b4 axb4+
34. axb4 Kf6 35. c5 b5 36. Kd4 Ke6 37. g3 Kd7 38. f3 Ke6 39. f4 g4 40. Re1+ Kf5
41. Re5+ Kg6 42. c6 h5 43. c7 Kf6 44. c8=Q Kg6 45. Qc6+ Kf7 46. Rd5 Ke7 47.
Rd7+ Ke8 48. Qc8# 1-0

[Event "Junior Online 4NCL Division 5"]
[Site "online"]
[Date "2020.05.21"]
[Round "6.73"]
[White "Javed, Zain"]
[Black "Kumar, Kabir"]
[Result "0-1"]
[WhiteElo "1232"]
[BlackElo "729"]
[PlyCount "58"]
[EventDate "2020.05.21"]
[WhiteTeam "Robin Hoods 4"]
[BlackTeam "Phones Junior B"]

1. e4 e5 2. Nf3 Nc6 3. Bc4 Nf6 4. Ng5 d5 5. exd5 Na5 6. Bb5+ c6 7. dxc6 bxc6 8.
Bc4 Bc5 9. Nxf7 Qd4 10. O-O Qxc4 11. d3 Qxf7 12. Nc3 Qg6 13. Ne4 Nxe4 14. dxe4
Bh3 15. Qf3 Bg4 16. Qg3 Be2 17. Qxe5+ Be7 18. Re1 Bf3 19. g3 Nc4 20. Qf4 Bh5
21. Rd1 Bxd1 22. b3 Nd6 23. Bb2 Rf8 24. Qe5 Qf7 25. Rxd1 Qxf2+ 26. Kh1 Qf3+ 27.
Kg1 Qxd1+ 28. Kg2 Qe2+ 29. Kg1 Rf1# 0-1

[Event "Junior Online 4NCL Division 5"]
[Site "online"]
[Date "2020.05.21"]
[Round "6.74"]
[White "Srivastava, Aditya"]
[Black "Griffiths, Dylan"]
[Result "0-1"]
[WhiteElo "654"]
[BlackElo "1195"]
[PlyCount "72"]
[EventDate "2020.05.21"]
[WhiteTeam "Phones Junior B"]
[BlackTeam "Robin Hoods 4"]

1. e4 e5 2. Nf3 Nc6 3. Bc4 Nf6 4. d4 exd4 5. Nxd4 Bc5 6. Be3 d6 7. Nc3 Bd7 8.
Nxc6 bxc6 9. Bxc5 dxc5 10. h3 Qe7 11. Qe2 O-O 12. O-O Rfe8 13. Rae1 Be6 14.
Bxe6 Qxe6 15. e5 Nd7 16. f4 g6 17. Ne4 h6 18. Ng3 Qxa2 19. b3 Qb2 20. Rb1 Qc3
21. Rf3 Qb4 22. c3 Qb6 23. b4 cxb4+ 24. Kh1 b3 25. c4 Nc5 26. Ne4 Nxe4 27. Qxe4
f5 28. Qe2 Qd4 29. Rfxb3 Qxf4 30. Rf3 Qg5 31. c5 a5 32. Qc4+ Kg7 33. h4 Qd8 34.
Re1 a4 35. e6 a3 36. Qd4+ Qxd4 0-1

[Event "Junior Online 4NCL Division 5"]
[Site "online"]
[Date "2020.05.21"]
[Round "6.75"]
[White "Dholakia, Kanish"]
[Black "Pitts, Daniel"]
[Result "1-0"]
[WhiteElo "771"]
[BlackElo "1240"]
[PlyCount "79"]
[EventDate "2020.05.21"]
[WhiteTeam "Phones Junior B"]
[BlackTeam "Robin Hoods 4"]

1. e4 e5 2. Nf3 Nf6 3. Nc3 Nc6 4. Bc4 Bc5 5. d3 Ng4 6. O-O O-O 7. h3 Nf6 8. a3
h6 9. Be3 a6 10. Bxc5 d6 11. Be3 b5 12. Ba2 b4 13. axb4 Nxb4 14. Bb3 a5 15. Qd2
Bd7 16. Rfe1 Qe8 17. Ne2 Nc6 18. Ng3 Ne7 19. Rec1 a4 20. Bc4 d5 21. exd5 Nfxd5
22. Nxe5 Nf5 23. Nxd7 Qxd7 24. Nxf5 Qxf5 25. Bc5 Rfd8 26. Re1 Nf6 27. Be7 Re8
28. Bxf6 Rxe1+ 29. Rxe1 Qxf6 30. Bd5 Ra7 31. Re8+ Kh7 32. Be4+ g6 33. Bf3 Qxb2
34. Re7 Qb1+ 35. Kh2 Qa2 36. Qf4 a3 37. Rxf7+ Kg8 38. Rf8+ Kg7 39. Qf6+ Kh7 40.
Qh8# 1-0

[Event "Junior Online 4NCL Division 5"]
[Site "online"]
[Date "2020.05.21"]
[Round "6.76"]
[White "Asensio, Tomas"]
[Black "Benson, Alice"]
[Result "1-0"]
[WhiteElo "1232"]
[BlackElo "740"]
[PlyCount "141"]
[EventDate "2020.05.21"]
[WhiteTeam "Robin Hoods 4"]
[BlackTeam "Phones Junior B"]

1. d4 Nf6 2. Bf4 e6 3. Nc3 Bb4 4. a3 Ba5 5. b4 Bb6 6. e3 d5 7. Bd3 O-O 8. Nf3
c6 9. Qe2 Bc7 10. Bg3 Nbd7 11. Bh4 b6 12. Bxh7+ Kxh7 13. Ng5+ Kg8 14. Qd3 e5
15. Nh7 e4 16. Nxf6+ Nxf6 17. Qe2 Qe7 18. f3 exf3 19. gxf3 Re8 20. Nd1 Qe6 21.
Qg2 Qh3 22. Rg1 Qxg2 23. Rxg2 Bd8 24. Bf2 Ba6 25. Nc3 Be7 26. O-O-O Be2 27.
Nxe2 a5 28. c3 axb4 29. cxb4 Rxa3 30. Be1 Rxe3 31. Ng1 Bd6 32. Bd2 Rb3 33. Kc2
Ra3 34. Bc1 Ra2+ 35. Bb2 Bxb4 36. Kb3 Ra7 37. Kxb4 Rea8 38. Ra1 Rxa1 39. Bxa1
Rxa1 40. Ne2 Ra2 41. Kb3 Ra8 42. Nc3 Re8 43. Ra2 c5 44. Nb5 cxd4 45. Nxd4 Re3+
46. Kb4 Re8 47. h4 Kh7 48. Kb5 Rb8 49. Nc6 Re8 50. Kxb6 Re6 51. Kc7 Re3 52. Nd4
Rd3 53. Ne2 Rxf3 54. Ra7 Kg6 55. Kd6 Rh3 56. Nf4+ Kf5 57. Nxh3 Kg4 58. Ng5 Kxh4
59. Nxf7 g5 60. Ne5 g4 61. Nxg4 Kxg4 62. Ra4+ Kf5 63. Kc5 Ke5 64. Ra1 Ke6 65.
Re1+ Kd7 66. Rf1 Ke7 67. Kd4 Kf7 68. Ke5 d4 69. Rxf6+ Ke7 70. Rf1 d3 71. Rd1
1-0

[Event "Junior Online 4NCL Division 5"]
[Site "online"]
[Date "2020.05.21"]
[Round "6.77"]
[White "Kumar, Kabir"]
[Black "Javed, Zain"]
[Result "1-0"]
[WhiteElo "729"]
[BlackElo "1232"]
[PlyCount "63"]
[EventDate "2020.05.21"]
[WhiteTeam "Phones Junior B"]
[BlackTeam "Robin Hoods 4"]

1. d4 d5 2. c4 dxc4 3. e4 Nc6 4. Nf3 Nf6 5. Nc3 Bg4 6. d5 Nb4 7. Qa4+ c6 8.
Qxb4 e6 9. Qxc4 exd5 10. exd5 cxd5 11. Qa4+ Qd7 12. Bb5 Qxb5 13. Qxb5+ Nd7 14.
Qxb7 Rb8 15. Qxd5 Be7 16. Ne5 Nxe5 17. Qxe5 Rb7 18. O-O O-O 19. f3 Bc8 20. Qg3
Rd8 21. Bh6 g6 22. Qe5 f6 23. Qg3 Kf7 24. Rad1 Rdd7 25. Na4 Ke8 26. Rxd7 Kxd7
27. Nc5+ Bxc5+ 28. Kh1 Rxb2 29. Rd1+ Kc6 30. Bc1 Ba6 31. Bxb2 Be2 32. Rc1 1-0

[Event "Junior Online 4NCL Division 5"]
[Site "online"]
[Date "2020.05.21"]
[Round "6.78"]
[White "Griffiths, Dylan"]
[Black "Srivastava, Aditya"]
[Result "0-1"]
[WhiteElo "1195"]
[BlackElo "654"]
[PlyCount "122"]
[EventDate "2020.05.21"]
[WhiteTeam "Robin Hoods 4"]
[BlackTeam "Phones Junior B"]

1. e4 e5 2. Nf3 Nc6 3. Bc4 Bc5 4. c3 h6 5. d4 exd4 6. cxd4 Bb4+ 7. Nc3 Bxc3+ 8.
bxc3 Na5 9. Bd3 d5 10. exd5 Qxd5 11. Qe2+ Ne7 12. O-O Be6 13. Re1 O-O 14. Bf4
Rac8 15. c4 Nxc4 16. Bxc4 Qxc4 17. Qxc4 Bxc4 18. Rxe7 Be6 19. Bxc7 Rfe8 20.
Rxe8+ Rxe8 21. Re1 Kf8 22. Bd6+ Kg8 23. Ne5 f6 24. Nc4 Kf7 25. Ne3 Bxa2 26. Ra1
Rc8 27. h3 Be6 28. Rxa7 Rd8 29. Rxb7+ Kg8 30. Be7 Rxd4 31. Rb8+ Kf7 32. Bc5 Rd7
33. Rf8+ Kg6 34. g4 Rc7 35. Bd4 Rc1+ 36. Kg2 Bd7 37. h4 Bc6+ 38. Kg3 Rg1+ 39.
Kf4 Bd7 40. h5+ Kh7 41. Nf5 Bxf5 42. gxf5 Rg5 43. f3 Rxh5 44. Kg4 Rg5+ 45. Kf4
h5 46. Bxf6 gxf6 47. Rxf6 Rg8 48. Ke5 h4 49. f4 h3 50. Rf7+ Rg7 51. Rxg7+ Kxg7
52. f6+ Kf7 53. f5 h2 54. Kd5 Kxf6 55. Ke4 h1=Q+ 56. Kf4 Qh4+ 57. Ke3 Kxf5 58.
Ke2 Qg3 59. Kf1 Qh2 60. Ke1 Ke4 61. Kd1 Kd3 0-1

[Event "Junior Online 4NCL Division 5"]
[Site "online"]
[Date "2020.05.21"]
[Round "6.81"]
[White "Sharan, Kartike"]
[Black "Shahameeran, Ashika"]
[Result "1-0"]
[WhiteElo "1140"]
[BlackElo "1319"]
[PlyCount "65"]
[EventDate "2020.05.21"]
[WhiteTeam "Phones Junior A"]
[BlackTeam "St John's College B"]

1. e4 e5 2. Nf3 Nc6 3. Bc4 Nf6 4. d3 Be7 5. Nc3 O-O 6. Be3 d6 7. h3 b6 8. O-O
Bb7 9. a3 Na5 10. Ba2 d5 11. exd5 Bxd5 12. Nxd5 Nxd5 13. Nxe5 Bf6 14. d4 Qd6
15. Nc4 Nxc4 16. Bxc4 Qc6 17. Bxd5 Qxd5 18. c3 Rad8 19. Bf4 c5 20. dxc5 Qxc5
21. Qf3 Rfe8 22. Rfe1 Rxe1+ 23. Rxe1 h6 24. Qb7 a5 25. Bc7 Rf8 26. Rd1 Re8 27.
Bd6 Qh5 28. Rd5 Re1+ 29. Kh2 Be5+ 30. Bxe5 Rxe5 31. Qb8+ Kh7 32. Qxe5 Qh4 33.
Qf5+ 1-0

[Event "Junior Online 4NCL Division 5"]
[Site "online"]
[Date "2020.05.21"]
[Round "6.82"]
[White "Lee, Krishna"]
[Black "Vadalia, Jainill"]
[Result "0-1"]
[WhiteElo "1148"]
[BlackElo "1123"]
[PlyCount "46"]
[EventDate "2020.05.21"]
[WhiteTeam "St John's College B"]
[BlackTeam "Phones Junior A"]

1. e4 b6 2. Nc3 Bb7 3. Nf3 e5 4. Bb5 a6 5. Ba4 b5 6. Bb3 d6 7. d3 Be7 8. a3 Nd7
9. O-O Ngf6 10. Bg5 h6 11. Bh4 O-O 12. d4 Nxe4 13. Bxe7 Qxe7 14. Bd5 Nxc3 15.
Bxf7+ Qxf7 16. bxc3 Bxf3 17. gxf3 Qxf3 18. dxe5 Nxe5 19. h3 Qxh3 20. Qd5+ Kh8
21. f4 Ng4 22. Qg2 Qxg2+ 23. Kxg2 Ne3+ 0-1

[Event "Junior Online 4NCL Division 5"]
[Site "online"]
[Date "2020.05.21"]
[Round "6.83"]
[White "Lukhi, Neev"]
[Black "Sequeira, Robert"]
[Result "1-0"]
[WhiteElo "969"]
[BlackElo "1074"]
[PlyCount "109"]
[EventDate "2020.05.21"]
[WhiteTeam "Phones Junior A"]
[BlackTeam "St John's College B"]

1. e4 e5 2. Nf3 Nc6 3. Bc4 h6 4. Nc3 Nf6 5. d3 d6 6. h3 Be7 7. Be3 O-O 8. Qd2
Na5 9. Bb3 Nxb3 10. axb3 c5 11. O-O Be6 12. Rfe1 Qd7 13. Ne2 d5 14. exd5 Nxd5
15. Nxe5 Qd6 16. Nc4 Qc7 17. Bf4 Nxf4 18. Nxf4 Bxc4 19. bxc4 Bg5 20. Nd5 Bxd2
21. Nxc7 Bxe1 22. Nxa8 Bd2 23. Nc7 Bf4 24. Nd5 Be5 25. Rxa7 Rb8 26. c3 f6 27.
Nb6 Rd8 28. Nd5 Rb8 29. Ne7+ Kh7 30. Nf5 g6 31. Ne7 g5 32. Nc6 Rc8 33. Nxe5 f5
34. Rxb7+ Kg8 35. Nd7 Rd8 36. Rb8 Rxb8 37. Nxb8 Kf7 38. Na6 Ke6 39. Nxc5+ Kd6
40. d4 f4 41. b4 Kc6 42. b5+ Kc7 43. Ne6+ Kd6 44. b6 Kc6 45. c5 Kb7 46. Nd8+
Kc8 47. b7+ Kb8 48. c6 Kc7 49. d5 h5 50. d6+ Kb8 51. c7+ Ka7 52. b8=Q+ Ka6 53.
c8=Q+ Ka5 54. Nc6+ Ka4 55. Qa6# 1-0

[Event "Junior Online 4NCL Division 5"]
[Site "online"]
[Date "2020.05.21"]
[Round "6.84"]
[White "Doddi, Sammy"]
[Black "Anbu, Rajkumar"]
[Result "1-0"]
[WhiteElo "1070"]
[BlackElo "813"]
[PlyCount "47"]
[EventDate "2020.05.21"]
[WhiteTeam "St John's College B"]
[BlackTeam "Phones Junior A"]

1. d4 d5 2. Nf3 Nc6 3. Nc3 Nf6 4. Bg5 e6 5. a3 Be7 6. e3 a6 7. Bd3 Ne4 8. Bxe7
Qxe7 9. O-O Nxc3 10. bxc3 O-O 11. Ne5 Nxe5 12. dxe5 f6 13. exf6 Qxf6 14. Qd2 e5
15. Rab1 Qg5 16. c4 Bh3 17. f4 exf4 18. exf4 Qg4 19. Rf3 dxc4 20. Bxc4+ Kh8 21.
Rxh3 Qxf4 22. Qd3 Qf2+ 23. Kh1 Rad8 24. Qxh7# 1-0

[Event "Junior Online 4NCL Division 5"]
[Site "online"]
[Date "2020.05.21"]
[Round "6.85"]
[White "Shahameeran, Ashika"]
[Black "Sharan, Kartike"]
[Result "0-1"]
[WhiteElo "1319"]
[BlackElo "1140"]
[PlyCount "62"]
[EventDate "2020.05.21"]
[WhiteTeam "St John's College B"]
[BlackTeam "Phones Junior A"]

1. e4 e5 2. Nf3 Nc6 3. Nc3 Nf6 4. d4 exd4 5. Nxd4 Nxd4 6. Qxd4 d6 7. Be2 g6 8.
O-O Bg7 9. e5 dxe5 10. Qxe5+ Be6 11. Qe3 O-O 12. Qf3 c6 13. Rd1 Qe7 14. Bg5 h6
15. Bxf6 Bxf6 16. Ne4 Bxb2 17. Rab1 Bg7 18. Bd3 Bxa2 19. Rb3 Bxb3 20. cxb3 Rad8
21. Qf4 Rd7 22. Bc2 Rfd8 23. Rxd7 Rxd7 24. g3 Rd4 25. Qf3 f5 26. Nc3 Rd2 27.
Bb1 Qe1+ 28. Kg2 Bxc3 29. Bd3 Kh7 30. Bc4 Rd1 31. Kh3 Rd4 0-1

[Event "Junior Online 4NCL Division 5"]
[Site "online"]
[Date "2020.05.21"]
[Round "6.86"]
[White "Vadalia, Jainill"]
[Black "Lee, Krishna"]
[Result "1-0"]
[WhiteElo "1123"]
[BlackElo "1148"]
[PlyCount "63"]
[EventDate "2020.05.21"]
[WhiteTeam "Phones Junior A"]
[BlackTeam "St John's College B"]

1. d4 d5 2. c4 e6 3. Nf3 c5 4. e3 Nc6 5. Be2 Be7 6. O-O Nf6 7. Nc3 O-O 8. b3 h6
9. Bb2 a6 10. Rc1 Bd7 11. cxd5 exd5 12. dxc5 Bf5 13. Nd4 Bg6 14. Nxc6 bxc6 15.
b4 a5 16. a3 axb4 17. axb4 Qb8 18. Qd4 Rd8 19. Ra1 Ne4 20. Rxa8 Qxa8 21. Nxe4
f6 22. Ra1 Qb7 23. Ng3 Ra8 24. Rxa8+ Qxa8 25. h3 Qa2 26. Bh5 Bh7 27. Ba1 g6 28.
Bf3 Bf8 29. Qxf6 Qd2 30. Qh8+ Kf7 31. Qxh7+ Ke6 32. Bg4# 1-0

[Event "Junior Online 4NCL Division 5"]
[Site "online"]
[Date "2020.05.21"]
[Round "6.87"]
[White "Sequeira, Robert"]
[Black "Lukhi, Neev"]
[Result "1-0"]
[WhiteElo "1074"]
[BlackElo "969"]
[PlyCount "169"]
[EventDate "2020.05.21"]
[WhiteTeam "St John's College B"]
[BlackTeam "Phones Junior A"]

1. e4 b6 2. d3 Bb7 3. Nc3 e6 4. Nf3 Bb4 5. Bd2 h6 6. a3 Bxc3 7. Bxc3 Nf6 8. Be2
O-O 9. O-O d6 10. e5 Nd5 11. exd6 Nxc3 12. bxc3 Qxd6 13. d4 Nd7 14. Bd3 Nf6 15.
h3 c5 16. dxc5 Qxc5 17. c4 Rfd8 18. Re1 Ne4 19. Qe2 Nc3 20. Qe3 Na4 21. Qxc5
Nxc5 22. Be2 Rd6 23. Rad1 Rad8 24. Rxd6 Rxd6 25. Kf1 Ne4 26. Bd3 Nc3 27. Nd2 a5
28. f3 Ba6 29. Nb1 Nxb1 30. Rxb1 Rc6 31. Be4 Bxc4+ 32. Kf2 Rd6 33. Ke3 f5 34.
Bd3 Bxd3 35. cxd3 e5 36. g3 f4+ 37. gxf4 exf4+ 38. Kd2 Kh7 39. Rg1 Rg6 40. Rf1
Rg3 41. h4 Rh3 42. Rb1 Rxf3 43. Rxb6 Rf2+ 44. Kc3 f3 45. Rb5 Rg2 46. Rf5 f2 47.
Rf3 Kg6 48. Kd4 Kh5 49. Ke3 Kxh4 50. Rf4+ Kg5 51. Rf3 Kg4 52. Rf4+ Kg5 53. d4
h5 54. d5 Rg1 55. Rxf2 Rd1 56. Ke4 Kg4 57. Rg2+ Kh3 58. Rxg7 h4 59. Ke5 Kh2 60.
d6 Re1+ 61. Kf6 Rd1 62. d7 Rd6+ 63. Ke7 Rd1 64. d8=Q Rxd8 65. Kxd8 h3 66. Kc7
Kh1 67. Rh7 Kg2 68. Kb6 a4 69. Kb5 h2 70. Kxa4 h1=Q 71. Rxh1 Kxh1 72. Kb5 Kg2
73. a4 Kf3 74. a5 Ke4 75. a6 Ke5 76. a7 Ke4 77. a8=Q+ Kd4 78. Qe8 Kd3 79. Kb4
Kd2 80. Kc4 Kc2 81. Qe3 Kb2 82. Qc3+ Ka2 83. Qb4 Ka1 84. Kc3 Ka2 85. Qb2# 1-0

[Event "Junior Online 4NCL Division 5"]
[Site "online"]
[Date "2020.05.21"]
[Round "6.88"]
[White "Anbu, Rajkumar"]
[Black "Doddi, Sammy"]
[Result "1-0"]
[WhiteElo "813"]
[BlackElo "1070"]
[PlyCount "73"]
[EventDate "2020.05.21"]
[WhiteTeam "Phones Junior A"]
[BlackTeam "St John's College B"]

1. e4 c6 2. c4 e6 3. Nc3 Ne7 4. Nf3 d5 5. cxd5 cxd5 6. exd5 exd5 7. Qa4+ Nbc6
8. Bb5 Bd7 9. Bxc6 Bxc6 10. Qf4 g6 11. Ne5 f5 12. d4 Bg7 13. O-O O-O 14. Re1
Bd7 15. Nxd7 Qxd7 16. Bd2 Nc6 17. Nb5 a6 18. Qc7 Qxc7 19. Nxc7 Rac8 20. Nxd5
Nxd4 21. Ne7+ Kh8 22. Nxc8 Nc2 23. Nb6 Nxa1 24. Rxa1 Bxb2 25. Rb1 Bd4 26. Nd7
Rd8 27. Rxb7 Kg8 28. Bb4 Rc8 29. h3 Rc1+ 30. Kh2 Bxf2 31. Nf6+ Kh8 32. Bf8 Bg1+
33. Kg3 Rc3+ 34. Kf4 Be3+ 35. Ke5 Rc5+ 36. Bxc5 Bxc5 37. Rxh7# 1-0

[Event "Junior Online 4NCL Division 5"]
[Site "online"]
[Date "2020.05.21"]
[Round "6.91"]
[White "Morrison, Matthew"]
[Black "Cepoi, Gesneria"]
[Result "0-1"]
[WhiteElo "1217"]
[BlackElo "1075"]
[PlyCount "120"]
[EventDate "2020.05.21"]
[WhiteTeam "Surbiton Juniors B"]
[BlackTeam "Uxbridge Juniors Girls"]

1. d4 d5 2. c4 Nf6 3. Nc3 e6 4. Nf3 Bb4 5. Bd2 Nc6 6. a3 Bd6 7. g3 O-O 8. Bg2
h6 9. O-O Be7 10. Bf4 Bd6 11. Bxd6 Qxd6 12. Qd3 a6 13. c5 Qd7 14. Rad1 b6 15.
cxb6 cxb6 16. Na4 b5 17. Nb6 Qb7 18. Nxa8 Qxa8 19. b3 Qb7 20. a4 bxa4 21. bxa4
Qb4 22. Ne5 Nxe5 23. dxe5 Ne4 24. Bxe4 dxe4 25. Qc2 Bb7 26. Rb1 Qe7 27. Qb2 Rb8
28. Qd4 a5 29. Qd6 Qe8 30. Qc5 Qd8 31. Qd6 Qe8 32. Qc5 Qxa4 33. Rxb7 Rxb7 34.
Qc8+ Kh7 35. Qxb7 Qd4 36. Qxf7 Qxe5 37. Rb1 a4 38. Qa7 Qf5 39. e3 h5 40. Qxa4
h4 41. gxh4 Qg4+ 42. Kf1 Qh3+ 43. Ke2 Qf3+ 44. Kd2 Qxf2+ 45. Kc3 Qxe3+ 46. Kb4
Qd4+ 47. Ka3 Qd3+ 48. Rb3 Qc2 49. Qd7 Qc4 50. Rb7 Qc3+ 51. Ka4 e3 52. Qxg7+
Qxg7 53. Rb3 e2 54. Re3 Qa7+ 55. Kb5 Qxe3 56. Kc6 e1=Q 57. Kd6 Q1d2+ 58. Kc6
Qec3+ 59. Kb5 Qdb2+ 60. Ka4 Qca3# 0-1

[Event "Junior Online 4NCL Division 5"]
[Site "online"]
[Date "2020.05.21"]
[Round "6.92"]
[White "Knight, Zoe B"]
[Black "Baguley, Rory"]
[Result "0-1"]
[WhiteElo "1007"]
[BlackElo "1187"]
[PlyCount "96"]
[EventDate "2020.05.21"]
[WhiteTeam "Uxbridge Juniors Girls"]
[BlackTeam "Surbiton Juniors B"]

1. e4 e5 2. Bc4 Nf6 3. Nc3 Nc6 4. d3 Bc5 5. h3 O-O 6. Nf3 d6 7. O-O Bd7 8. Bg5
h6 9. Be3 Nd4 10. Nd5 Nxf3+ 11. Qxf3 Bxe3 12. Qxe3 Nxd5 13. Bxd5 c6 14. Bb3 a5
15. a4 Qe7 16. f4 exf4 17. Rxf4 Qg5 18. Qf3 Rae8 19. Bxf7+ Rxf7 20. Rxf7 Be6
21. Rf4 Qe5 22. Rf1 Qd4+ 23. Kh1 Kh7 24. Rf8 Rxf8 25. Qxf8 Qxb2 26. Qxd6 Ba2
27. Qc5 Bg8 28. Qf5+ Kh8 29. Qc8 Qa2 30. Qxb7 Qxa4 31. Rf8 Qa1+ 32. Kh2 Qe5+
33. Kg1 Qc5+ 34. Rf2 Bh7 35. Qa8+ Bg8 36. g3 Kh7 37. Kg2 Be6 38. Qf8 Qh5 39. g4
Qb5 40. Qe7 Bg8 41. e5 Qd5+ 42. Kg3 a4 43. Re2 Qd4 44. Kg2 Bd5+ 45. Kf1 Qf4+
46. Rf2 Qc1+ 47. Ke2 Qxc2+ 48. Kf1 Qd1# 0-1

[Event "Junior Online 4NCL Division 5"]
[Site "online"]
[Date "2020.05.21"]
[Round "6.93"]
[White "Thompson, Noah"]
[Black "Eshwar, Ananya"]
[Result "0-1"]
[WhiteElo "1000"]
[BlackElo "902"]
[PlyCount "112"]
[EventDate "2020.05.21"]
[WhiteTeam "Surbiton Juniors B"]
[BlackTeam "Uxbridge Juniors Girls"]

1. e4 e6 2. c4 Nf6 3. Nc3 d5 4. cxd5 exd5 5. exd5 Nxd5 6. Qe2+ Be7 7. g3 Nxc3
8. bxc3 O-O 9. Bg2 Nc6 10. Nf3 Be6 11. O-O Bd5 12. Rb1 b6 13. c4 Bxf3 14. Bxf3
Nd4 15. Qe4 Nxf3+ 16. Qxf3 Re8 17. Bb2 f6 18. Qg2 Qxd2 19. g4 Bc5 20. g5 Qxg5
21. h4 Qxg2+ 22. Kxg2 Re4 23. f3 Rxc4 24. Rbc1 Rb4 25. Bc3 Ra4 26. Ra1 Bb4 27.
Bxb4 Rxb4 28. Rfe1 Rb2+ 29. Kg3 h6 30. Re7 c5 31. Rae1 Rxa2 32. Re8+ Rxe8 33.
Rxe8+ Kf7 34. Ra8 a5 35. Rb8 Rb2 36. Rb7+ Kg8 37. Rb8+ Kh7 38. Kg4 Rg2+ 39. Kh3
Rf2 40. Kg3 Rb2 41. Kg4 b5 42. f4 a4 43. Rc8 c4 44. f5 b4 45. Rxc4 a3 46. Rc1
a2 47. h5 b3 48. Re1 Rb1 49. Rxb1 axb1=Q 50. Kf4 Qc1+ 51. Ke4 b2 52. Kd5 b1=Q
53. Ke6 Qe3+ 54. Kf7 Qb7+ 55. Kf8 Qc8+ 56. Kf7 Qa7# 0-1

[Event "Junior Online 4NCL Division 5"]
[Site "online"]
[Date "2020.05.21"]
[Round "6.94"]
[White "Siddiqui, Zainab"]
[Black "Kushagra, Avishi"]
[Result "1-0"]
[WhiteElo "820"]
[BlackElo "812"]
[PlyCount "47"]
[EventDate "2020.05.21"]
[WhiteTeam "Uxbridge Juniors Girls"]
[BlackTeam "Surbiton Juniors B"]

1. e4 e5 2. Qh5 Nc6 3. Bc4 g6 4. Qf3 Nf6 5. d3 Bc5 6. Bg5 Be7 7. h4 Nd4 8. Qd1
d6 9. c3 Bg4 10. f3 Bxf3 11. gxf3 Nc6 12. Nh3 Nh5 13. Na3 Bxg5 14. hxg5 Ng3 15.
Rg1 Nh5 16. Qb3 Qe7 17. O-O-O O-O-O 18. Nb5 a6 19. Bd5 Qd7 20. Bxc6 Qxc6 21.
Na7+ Kb8 22. Nxc6+ Kc8 23. Na7+ Kd7 24. Qxf7# 1-0

[Event "Junior Online 4NCL Division 5"]
[Site "online"]
[Date "2020.05.21"]
[Round "6.95"]
[White "Cepoi, Gesneria"]
[Black "Morrison, Matthew"]
[Result "0-1"]
[WhiteElo "1075"]
[BlackElo "1217"]
[PlyCount "20"]
[EventDate "2020.05.21"]
[WhiteTeam "Uxbridge Juniors Girls"]
[BlackTeam "Surbiton Juniors B"]

1. e4 e5 2. Nf3 Nc6 3. Bc4 Nf6 4. Nc3 Bc5 5. Ng5 d5 6. exd5 Na5 7. Be2 Nxd5 8.
Nxd5 Qxd5 9. Bf3 Qd4 10. c3 Qxf2# 0-1

[Event "Junior Online 4NCL Division 5"]
[Site "online"]
[Date "2020.05.21"]
[Round "6.96"]
[White "Baguley, Rory"]
[Black "Knight, Zoe B"]
[Result "0-1"]
[WhiteElo "1187"]
[BlackElo "1007"]
[PlyCount "80"]
[EventDate "2020.05.21"]
[WhiteTeam "Surbiton Juniors B"]
[BlackTeam "Uxbridge Juniors Girls"]

1. e4 e5 2. Nf3 Nc6 3. Bc4 Bc5 4. Nc3 Nf6 5. Ng5 O-O 6. O-O h6 7. Nf3 d5 8.
exd5 Na5 9. d3 Nxc4 10. dxc4 Bd6 11. Be3 b6 12. Qd2 Ng4 13. h3 Nxe3 14. Qxe3
Qf6 15. Rfe1 Re8 16. Ne4 Qg6 17. Nxd6 cxd6 18. Nxe5 dxe5 19. c3 Bb7 20. a4 Red8
21. Rad1 Re8 22. b4 Rad8 23. a5 f5 24. f3 e4 25. f4 Qf6 26. axb6 axb6 27. Re2
g5 28. fxg5 hxg5 29. Red2 f4 30. Qf2 e3 31. Qxe3 fxe3 32. Re2 Qxc3 33. c5 bxc5
34. bxc5 Qxc5 35. Ra2 e2+ 36. Kh2 exd1=Q 37. d6 Qcxd6+ 38. g3 Re2+ 39. Rxe2
Qxe2+ 40. Kg1 Qdd1# 0-1

[Event "Junior Online 4NCL Division 5"]
[Site "online"]
[Date "2020.05.21"]
[Round "6.97"]
[White "Eshwar, Ananya"]
[Black "Thompson, Noah"]
[Result "0-1"]
[WhiteElo "902"]
[BlackElo "1000"]
[PlyCount "100"]
[EventDate "2020.05.21"]
[WhiteTeam "Uxbridge Juniors Girls"]
[BlackTeam "Surbiton Juniors B"]

1. d4 f6 2. Bf4 e5 3. dxe5 fxe5 4. Bxe5 d6 5. Bf4 Qf6 6. e3 Qxb2 7. Nd2 g6 8.
Bd3 Bg7 9. Rb1 Qxa2 10. Ngf3 Bf5 11. Bxf5 gxf5 12. Ng5 Nc6 13. Ne6 Kf7 14. Nxg7
Kxg7 15. O-O Nf6 16. e4 fxe4 17. Rxb7 Rab8 18. Rxb8 Rxb8 19. Bg5 Nb4 20. Bxf6+
Kxf6 21. Nxe4+ Kg6 22. h3 Qxc2 23. Qxc2 Nxc2 24. Rc1 Na3 25. Rxc7 Rb1+ 26. Kh2
d5 27. Nd6 d4 28. Nc4 Nxc4 29. Rxc4 d3 30. Rc6+ Kf5 31. Rd6 Ke4 32. Kg3 Rb2 33.
f3+ Ke3 34. f4 d2 35. Re6+ Kd3 36. Rd6+ Kc2 37. Kf2 d1=Q 38. Rxd1 Kxd1+ 39. Kg3
a5 40. f5 Rb3+ 41. Kf4 a4 42. f6 Rb8 43. g4 a3 44. g5 a2 45. g6 hxg6 46. Kg5
a1=Q 47. Kxg6 Rb6 48. Kg7 Qxf6+ 49. Kh7 Rb7+ 50. Kg8 Qd8# 0-1

[Event "Junior Online 4NCL Division 5"]
[Site "online"]
[Date "2020.05.21"]
[Round "6.98"]
[White "Kushagra, Avishi"]
[Black "Siddiqui, Zainab"]
[Result "0-1"]
[WhiteElo "812"]
[BlackElo "820"]
[PlyCount "42"]
[EventDate "2020.05.21"]
[WhiteTeam "Surbiton Juniors B"]
[BlackTeam "Uxbridge Juniors Girls"]

1. e4 e5 2. Nf3 Bc5 3. Bc4 Qf6 4. d3 Nh6 5. Bg5 Qb6 6. Nxe5 Qxb2 7. Nd2 Qxe5 8.
Nf3 Qc3+ 9. Nd2 f6 10. Bxh6 gxh6 11. O-O Qe5 12. Rb1 Bd6 13. f3 Qxh2+ 14. Kf2
Bc5+ 15. Ke1 Qg3+ 16. Ke2 Qxg2+ 17. Ke1 d6 18. Nb3 Bh3 19. Nd2 Be3 20. Rxb7
Bxd2+ 21. Qxd2 Qxf1# 0-1

[Event "Junior Online 4NCL Division 5"]
[Site "online"]
[Date "2020.05.21"]
[Round "6.101"]
[White "Weedon, Oscar"]
[Black "Kanodia, Ramit"]
[Result "1-0"]
[WhiteElo "1352"]
[BlackElo "770"]
[PlyCount "71"]
[EventDate "2020.05.21"]
[WhiteTeam "Wey 2"]
[BlackTeam "Dundee"]

1. Nf3 Nc6 2. b3 Nf6 3. Bb2 d6 4. d3 e6 5. e4 Be7 6. Be2 Bd7 7. O-O O-O 8. Re1
e5 9. Qd2 Be6 10. Bd1 Qd7 11. c3 Rfe8 12. Bc2 Rad8 13. Qe3 d5 14. Rd1 dxe4 15.
dxe4 Qc8 16. Nbd2 Bg4 17. h3 Bh5 18. Nc4 Rxd1+ 19. Rxd1 Rd8 20. Rxd8+ Qxd8 21.
Ncxe5 Nxe5 22. Nxe5 Bd6 23. Nc4 Bg6 24. Nxd6 Qxd6 25. e5 Qd7 26. Bxg6 hxg6 27.
exf6 Qd1+ 28. Kh2 Qd6+ 29. g3 Qxf6 30. Qxa7 b6 31. Qa8+ Kh7 32. Kg2 Qf5 33. c4
Qc2 34. Bd4 Qd3 35. Be5 f6 36. Bxc7 1-0